Les 50... - Édition Vêtements - Statistiques

Statistiques générales
  • Ce quiz a été pris 160 fois
  • Le résultat moyen est 22 sur 50
Statistiques - réponses
Réponse % Correct
Pantalon
87%
Pull
87%
Short
85%
T-shirt
85%
Jupe
81%
Robe
81%
Culotte
79%
Veste
78%
Chemise
76%
Jean
75%
Bonnet
69%
Slip
68%
Manteau
67%
Écharpe
66%
Casquette
59%
Chapeau
56%
Gants
56%
Soutien-gorge
56%
Débardeur
54%
Bas
53%
Gilet
49%
Jogging
44%
Sweatshirt
41%
Boxer
40%
Collants
40%
Legging
37%
Cravate
36%
Doudoune
36%
Pyjama
35%
Costume
34%
Baskets
32%
Ceinture
32%
Polo
31%
Chemisier
30%
Salopette
30%
Bottes
29%
Cardigan
28%
Combinaison
27%
Crop top
27%
Blazer
23%
Body
19%
Parka
15%
Tunique
15%
Tailleur
13%
Bikini
11%
Corset
10%
Hoodie
10%
Mocassins
8%
Peignoir
7%
Noeud de papillon
1%
Aucun quiz correspondant
Distribution des résultats
% des personnes avec chaque résultat
Percentile par nombre de réponses
Votre historique - résultats
Vous n’avez pas pris ce quiz